Motivos

Uloženo v:
Podrobná bibliografie
Hlavní autor: Martínez Sierra, Gregorio (autor)
Médium: Kniha
Jazyk:španělština
Vydáno: París Garnier Hermanos 1905
Edice:Biblioteca Contemporánea
Témata:
Tagy: Přidat tag
Žádné tagy, Buďte první, kdo vytvoří štítek k tomuto záznamu!

MARC

LEADER 00000nam a2200000 a 4500
001 UCY9247
003 CL-VaPUC
008 950713e19050000FR |||||||||||||||||spa|d
082 0 4 |a 864  |b MAR  |2 21 
100 |a Martínez Sierra, Gregorio  |e autor  |9 371594 
245 1 0 |a Motivos 
300 |a 279 p 
942 |c BK 
945 |d 19950713 00:00:00  |a rbrito 
260 |a París  |b Garnier Hermanos  |c 1905 
650 0 |a Ensayos españoles  |9 313128 
583 |a last modification  |c 19950713 00:00:00  |k Rodrigo Vera 
490 0 |a Biblioteca Contemporánea 
999 |c 236372  |d 236370 
952 |0 0  |1 0  |4 0  |6 864_000000000000000_MAR_1905  |7 0  |8 A  |9 244429  |a BIBEDU  |b BIBEDU  |d 2019-11-18  |i 3101665  |o 864 MAR 1905  |p 3101665  |r 2019-11-18  |w 2019-11-18  |y BK  |k LIT